El arte de la felicidad
Guardat en:
| Autors principals: | , |
|---|---|
| Format: | Llibre |
| Idioma: | espanyol |
| Publicat: |
Barcelona
Grijalbo
1999
|
| Edició: | 1a. ed |
| Col·lecció: | Revelaciones
|
| Matèries: | |
| Etiquetes: |
Afegir etiqueta
Sense etiquetes, Sigues el primer a etiquetar aquest registre!
|
MARC
| LEADER | 00000cam a2200000 a 4500 | ||
|---|---|---|---|
| 001 | UCO4372 | ||
| 003 | CL-VaPUC | ||
| 008 | 000804e19990000SP |||||||||||||||||spa|d | ||
| 020 | |a 8425333229 | ||
| 082 | 0 | 4 | |a 181 |b DAL |2 21 |
| 100 | 0 | |a Dalai Lama |e author |9 443439 | |
| 700 | 0 | |a Cutler, Howard C |e author |9 448845 | |
| 245 | 1 | 3 | |a El arte de la felicidad |
| 250 | |a 1a. ed | ||
| 300 | |a 269 p | ||
| 942 | |c BK | ||
| 945 | |d 20000804 00:00:00 |a rbrito | ||
| 260 | |a Barcelona |b Grijalbo |c 1999 | ||
| 650 | 0 | |a Filosofía oriental |9 319113 | |
| 650 | 0 | |a Felicidad |9 257029 | |
| 650 | 0 | |a Valores sociales |9 309627 | |
| 650 | 0 | |a Autoestima |9 308492 | |
| 583 | |a last modification |c 20150416 15:37:58 |k Rodrigo Vera | ||
| 490 | 0 | |a Revelaciones | |
| 999 | |c 290422 |d 290420 | ||
| 952 | |0 0 |1 0 |4 0 |6 181_000000000000000_DAL_1999 |7 0 |8 A |9 339816 |a BIBGIM |b BIBGIM |d 2019-11-20 |i 3635430 |l 2 |m 1 |o 181 DAL 1999 |p 3635430 |r 2025-01-15 |s 2023-09-13 |w 2019-11-20 |y BK |k ORI | ||
| 952 | |0 0 |1 0 |4 0 |6 181_000000000000000_DAL_1999 |7 0 |8 A |9 339817 |a BIBING |b BIBING |d 2019-11-20 |i 375622K |l 1 |o 181 DAL 1999 |p 375622K |r 2025-01-20 |s 2024-03-15 |w 2019-11-20 |y BK |k CUI | ||